000 00540nam a2200205Ia 4500
005 20260429111852.0
008 260429s9999||||xx |||||||||||||| ||und||
020 _a9798887154374
041 _aEnglish
082 _a004.678
_bMUR
100 _aMurray, Peter
245 0 _aInternet management /
_cPeter Murray
250 _a1st ed.
260 _aUnited Kingdom :
_bOryson Press,
_c2025.
300 _axii, 318 p.; hb
650 _a Internet management
650 _a Network management
650 _aComputer science
942 _cTB
999 _c51208
_d51208